La objeción de conciencia en el Derecho Positivo chileno
Wedi'i Gadw mewn:
| Prif Awdur: | |
|---|---|
| Fformat: | Llyfr |
| Iaith: | Sbaeneg |
| Cyhoeddwyd: |
Santiago
Libromar Spa
2017
|
| Rhifyn: | 1a. ed |
| Pynciau: | |
| Tagiau: |
Ychwanegu Tag
Dim Tagiau, Byddwch y cyntaf i dagio'r cofnod hwn!
|
MARC
| LEADER | 00000cam a2200000 a 4500 | ||
|---|---|---|---|
| 001 | UCC1524 | ||
| 003 | CL-VaPUC | ||
| 008 | 171104e20170000cl |||||||||||||||||spa|d | ||
| 020 | |a 9789567890415 | ||
| 082 | 0 | 4 | |a 323.442 |b ARA |2 21 |
| 100 | |a Araya Peschke, Betzabé Patricia |e autora |9 595604 | ||
| 245 | 1 | 3 | |a La objeción de conciencia en el Derecho Positivo chileno |
| 250 | |a 1a. ed | ||
| 300 | |a 115 p | ||
| 942 | |c BK | ||
| 945 | |d 20171104 20:09:00 |a dcastane | ||
| 260 | |a Santiago |b Libromar Spa |c 2017 | ||
| 650 | 0 | |a Derechos humanos |9 223025 | |
| 650 | 0 | |a Conciencia |9 309452 | |
| 650 | 0 | |a Objeción de conciencia |9 348774 | |
| 650 | 0 | |a Derecho comparado |9 255664 | |
| 650 | 7 | |a LIBERTAD DE CULTO |2 CL-VaPUC |9 403246 | |
| 650 | 0 | |a Estado y derecho |9 255403 | |
| 583 | |a last modification |c 20171104 20:09:00 |k Rodrigo Vera | ||
| 999 | |c 369989 |d 369987 | ||
| 952 | |0 0 |1 0 |3 erb |4 0 |6 323_442000000000000_ARA_2017 |7 0 |8 A |9 486230 |a BIBDER |b BIBDER |i 5433886 |l 2 |o 323.442 ARA 2017 |p 5433886 |r 2023-01-25 |s 2022-05-30 |w 2019-11-24 |y BK |z Catalogado en:20171104 |k DER | ||
| 952 | |0 0 |1 0 |3 erb |4 0 |6 323_442000000000000_ARA_2017 |7 0 |8 A |9 486231 |a BIBDER |b BIBDER |i 5434149 |o 323.442 ARA 2017 |p 5434149 |r 2023-01-25 |w 2019-11-24 |y BK |z Catalogado en:20171104 |k DER | ||